000 00700cam a22002175a 4500
001 L153533
008 110804s2009 xxk f 000 0 eng d
020 _a9781859463123
035 _a(Sirsi) u153533
041 0 _aeng
050 0 4 _a347.4107 $2 18
100 1 _aGrossman, Andy
245 0 0 _aMediation
_bgood practice guide
260 _aLondon
_bRIBA
_c2009
490 0 _aRIBA Good Practice Guide
520 _aOutlines the benefits and practicalities of mediation, including conflict management and dispute prevention.
590 _aKA
651 4 _aENGLAND AND WALES
690 _aMANAGEMENT-DISPUTE AVOIDANCE, MANAGEMENT AND RESOLUTION-DISPUTE MANAGEMENT AND RESOLUTION
942 _n0
999 _c112576
_d112576